<?xml version="1.0" encoding="UTF-8"?>
<marc:record xmlns:marc="http://www.loc.gov/MARC21/slim">
   <marc:leader>00000nam a2200000 a 4500</marc:leader>
   <marc:datafield ind1="1" ind2=" " tag="100">
      <marc:subfield code="a">Mayrhofer, Bernadette</marc:subfield>
      <marc:subfield code="4">aut</marc:subfield>
      <marc:subfield code="e">Verfasser/-in</marc:subfield>
   </marc:datafield>
   <marc:datafield ind1="1" ind2=" " tag="100">
      <marc:subfield code="a">Trümpi, Fritz</marc:subfield>
      <marc:subfield code="4">aut</marc:subfield>
      <marc:subfield code="e">Verfasser/-in</marc:subfield>
   </marc:datafield>
   <marc:datafield ind1="0" ind2="0" tag="245">
      <marc:subfield code="a">Orchestrierte Vertreibung</marc:subfield>
   </marc:datafield>
   <marc:datafield ind1="0" ind2="0" tag="245">
      <marc:subfield code="b">unerwünschte Wiener Philharmoniker ; Verfolgung, Ermordung und Exil</marc:subfield>
   </marc:datafield>
   <marc:datafield ind1="0" ind2="0" tag="245">
      <marc:subfield code="c">Bernadette Mayrhofer &amp; Fritz Trümpi</marc:subfield>
   </marc:datafield>
   <marc:datafield ind1=" " ind2="1" tag="264">
      <marc:subfield code="a">Wien</marc:subfield>
      <marc:subfield code="b">Mandelbaum-Verl.</marc:subfield>
      <marc:subfield code="c">2014</marc:subfield>
   </marc:datafield>
   <marc:datafield ind1="1" ind2=" " tag="520">
      <marc:subfield code="a">Angaben aus der Verlagsmeldung

Orchestrierte Vertreibung : Unerwünschte Wiener Philharmoniker. Verfolgung, Ermordung und Exil / von Bernadette Mayrhofer, Fritz Trümpi

Verfolgte Wiener Philharmoniker im Nationalsozialismus
29 Musiker der Wiener Philharmoniker wurden ab März 1938 verfolgt, ermordet oder vertrieben. »Herzstück« des Buches bilden 17 biographische Porträts betroffener Musiker. Diese Porträts erzählen von den schmerzhaften Erfahrungen der gewaltvollen Vertreibung aus dem Orchester und aus Wien, aber auch von den beruflichen und privaten Entwicklungen im Exil. Nach 1945 kehrte kein einziger der vertriebenen Philharmoniker ins Orchester zurück.
Dieses Buch beschäftigt sich auch mit dem Verhältnis der Wiener Philharmoniker zu seinen ehemaligen vertriebenen Mitgliedern in der Nachkriegsgeschichte 1945-1959. Das Orchester war im Nationalsozialismus fast zur Hälfte mit NSDAP-Mitgliedern besetzt, die 1945 nur in wenigen Fällen entlassen oder pensioniert wurden. Zahlreiche hier erstmals veröffentlichte Quellen werfen ein neues Licht auf das Traditionsorchester sowie auf dessen Umgang mit »seinen« exilierten Mitgliedern.
</marc:subfield>
   </marc:datafield>
   <marc:datafield ind1=" " ind2=" " tag="020">
      <marc:subfield code="a">9783854764489</marc:subfield>
      <marc:subfield code="9">9783854764489</marc:subfield>
   </marc:datafield>
   <marc:datafield ind1=" " ind2=" " tag="041">
      <marc:subfield code="a">ger</marc:subfield>
   </marc:datafield>
   <marc:datafield ind1=" " ind2=" " tag="300">
      <marc:subfield code="a">278 S.</marc:subfield>
   </marc:datafield>
</marc:record>
